000
00212nam a22000857a 4500
999
_c
11020
_d
11020
008
180721b ||||| |||| 00| 0 eng d
100
_a
Shakespeare
_9
4522
245
_a
The Tempest
260
_a
New Delhi
_b
Campfire
_c
2016